Random Taylor Swift Songs by Lyrics #2 - Statistics

General Stats
  • This quiz has been taken 56 times
  • The average score is 163 of 299
Answer Stats
Answer % Correct
I
100%
a
96%
you
96%
you,
96%
the
92%
we
90%
it
80%
to
80%
to,
80%
And
78%
and
78%
me
76%
your
73%
be
71%
in
71%
go
69%
my
69%
like
67%
of
67%
don't
65%
that
65%
But
63%
is
63%
know
63%
no
63%
us
63%
was
63%
one
61%
this
61%
this,
61%
it's
59%
It's
59%
for
57%
what
57%
You're
57%
all
55%
are
55%
see
55%
can't
53%
can't,
53%
have
53%
AM
51%
back
51%
not
51%
'Cause
49%
time
47%
as
45%
hand,
45%
here
45%
say
45%
face
43%
mind
43%
never
43%
Never
43%
thing
43%
away,
41%
Every
41%
only
41%
out,
41%
out
41%
two
41%
our
39%
way
39%
without
39%
Without
39%
from
37%
just
37%
Now
37%
down,
35%
Breathe,
33%
gonna
33%
(oh)
33%
thought
33%
drive
31%
end
31%
wanted
31%
after
27%
hurt
27%
sad
27%
change
24%
doesn't
24%
fall
24%
friend
24%
none
24%
People
24%
people,
24%
save
24%
work
24%
break,
22%
clean
22%
easy
22%
easy,
22%
Easy
22%
killing
22%
lost
22%
simple,
22%
sometimes
22%
wanna
22%
bring
20%
ending
20%
Feelin'
20%
minds
20%
movie,
20%
Nothing
20%
really
20%
tried
20%
ain't
18%
around
18%
bump
18%
it'll
16%
kinda
16%
little
16%
Music
16%
road
16%
starts
16%
swerve
16%
tragedy
16%
playin'
14%
Sorry
12%
sorry
12%
Hope
8%
No matching quizzes found
Score Distribution
Percent of People with Each Score
Percentile by Number Answered
Your Score History
You have not taken this quiz